000
00283nam a22001217a 4500
008
160420b xxu||||| |||| 00| 0 eng d
020
_a
9780323033664
020
_a
0323033660
041
_a
eng
080
_a
618.2
245
_a
Maternity nursing;
_c
Lowdermilk Perry;
942
_2
udc
_c
BK
999
_c
1476
_d
1476